Human nature and conduct; an introduction to social psychology: with a new introduction by John Dewey
Bewaard in:
| Hoofdauteur: | |
|---|---|
| Formaat: | Boek |
| Taal: | Undetermined |
| Gepubliceerd in: |
New York
The Modern Library
1930
|
| Onderwerpen: | |
| Tags: |
Voeg label toe
Geen labels, Wees de eerste die dit record labelt!
|
| Thư viện lưu trữ: | Trung tâm Học liệu Trường Đại học Cần Thơ |
|---|
| LEADER | 00575nam a2200193Ia 4500 | ||
|---|---|---|---|
| 001 | CTU_89693 | ||
| 008 | 210402s9999 xx 000 0 und d | ||
| 082 | |a 150 | ||
| 082 | |b D519 | ||
| 100 | |a Dewey, John | ||
| 245 | 0 | |a Human nature and conduct; an introduction to social psychology: with a new introduction by John Dewey | |
| 245 | 0 | |c John Dewey | |
| 260 | |a New York | ||
| 260 | |b The Modern Library | ||
| 260 | |c 1930 | ||
| 650 | |a Social psychology | ||
| 650 | |x Problems, exercises | ||
| 904 | |i Nguyên | ||
| 980 | |a Trung tâm Học liệu Trường Đại học Cần Thơ | ||